[Event "35th Open"]
[Site "Trinec CZE"]
[Date "2002.12.30"]
[Round "4"]
[White "Ostrowski,L"]
[Black "Vesselovsky,S"]
[Result "0-1"]
[WhiteElo "2317"]
[BlackElo "2420"]

1.d4 Nf6 2.Nf3 e6 3.c4 b6 4.Nc3 Bb4 5.Bg5 Bb7 6.e3 Be7 7.a3 O-O 8.Be2 d6
9.O-O Nbd7 10.Nd2 h6 11.Bxf6 Bxf6 12.Nde4 Be7 13.Bf3 c6 14.b4 Nf6 15.Qb3 Nxe4
16.Bxe4 a6 17.Rfd1 Qc7 18.Rac1 Rab8 19.a4 Rfc8 20.Bb1 g6 21.h3 Bf6 22.Ne4 Be7
23.Qb2 Qd8 24.c5 d5 25.Nd2 a5 26.Nf3 Ba6 27.bxa5 bxc5 28.Qc2 cxd4 29.Nxd4 Ba3
30.Nxe6 Qe7 31.Nc5 Bc4 32.Nd3 Bxc1 33.Rxc1 Qe4 34.Qd2 Rxb1 35.Rxb1 Qxd3 36.Qb4 c5
37.Qb6 d4 38.exd4 cxd4 39.Rb4 Qf1+ 40.Kh2 Qxf2  0-1

[Event "5th It"]
[Site "Ramat-Aviv ISR"]
[Date "2003.01.01"]
[Round "8"]
[White "Porat,I"]
[Black "Rodshtein,M"]
[Result "1/2-1/2"]
[WhiteElo "2139"]
[BlackElo "2221"]

1.d4 e6 2.c4 Nf6 3.Nf3 b6 4.Nc3 Bb4 5.Qc2 Bb7 6.a3 Bxc3+ 7.Qxc3 Ne4 8.Qc2 O-O
9.g3 f5 10.Bg2 Nf6 11.O-O Be4 12.Qd2 Qe8 13.b4 a6 14.Bb2 b5 15.c5 Nc6 16.Ne1 Bxg2
17.Nxg2 a5 18.f3 Qb8 19.Bc3 axb4 20.axb4 Qb7 21.Rxa8 Qxa8 22.Qd3 Nd5 23.Ne3 Nxe3
24.Qxe3 Qa2 25.Qd3 Rb8 26.e4 Rf8 27.d5 fxe4 28.fxe4 Rxf1+ 29.Kxf1 exd5 30.exd5 Ne7
31.d6 cxd6 32.Qxd6 Qc4+ 33.Kf2 Qf7+ 34.Kg2 Qd5+ 35.Qxd5+ Nxd5 36.Be1 Kf7
37.Kf3 Ke6 38.Ke4 g5 39.h3 Nf6+ 40.Kd4 h5 41.Bd2 Kf5  1/2-1/2

[Event "Tch-SWE 2002-3"]
[Site "Sweden SWE"]
[Date "2003.02.08"]
[Round "7"]
[White "Degerman,L"]
[Black "Ivanov,Se"]
[Result "0-1"]
[WhiteElo "2492"]
[BlackElo "2561"]

1.d4 Nf6 2.Nf3 e6 3.c4 b6 4.Nc3 Bb7 5.Bg5 Bb4 6.Nd2 h6 7.Bh4 c5 8.a3 Ba5
9.Nb3 Bxc3+ 10.bxc3 g5 11.Bg3 Ne4 12.Qc2 d6 13.f3 Nxg3 14.hxg3 f5 15.e4 fxe4
16.Nd2 Nd7 17.Nxe4 Qe7 18.dxc5 bxc5 19.Be2 O-O-O 20.O-O d5 21.cxd5 exd5 22.Nf2 c4
23.Rfe1 Qd6 24.g4 Nc5 25.Rad1 Rhe8 26.Bf1 Re6 27.Qf5 Rf8 28.Qc2 Rfe8 29.Qf5 Kc7
30.Rxe6 Qxe6 31.Rd2 Qe1 32.Qc2 Bc6 33.Rd1 Qe5 34.Qd2 Ba4 35.Rb1 Bb3 36.Rc1  0-1

[Event "11th Aosta Open"]
[Site "Saint Vincent ITA"]
[Date "2003.02.15"]
[Round "8"]
[White "Roeder,M"]
[Black "Iordachescu,V"]
[Result "1/2-1/2"]
[WhiteElo "2442"]
[BlackElo "2550"]

1.d4 Nf6 2.c4 e6 3.Nf3 b6 4.Nc3 Bb4 5.Bg5 Bb7 6.e3 h6 7.Bh4 c5 8.Be2 cxd4
9.exd4 Be7 10.O-O O-O 11.Ne5 a6 12.Bf3 Ra7 13.Rc1 d6 14.Bxb7 Rxb7 15.Nd3 Rc7
16.b3 Qc8 17.Qd2 Qb7 18.a4 Nc6 19.Bxf6 Bxf6 20.d5 Na5 21.Ne4 Be7 22.Qe3 Nxb3
23.Rb1 Na5 24.Rxb6 Qc8 25.Nb2 Nxc4 26.Nxc4 Rxc4 27.Nxd6 Bxd6 28.Rxd6 exd5
29.Rxd5 Rxa4 30.Rfd1 Rc4 31.h3 Rc6 32.Rd7 Re6 33.Qa7 Qc3 34.Kh2 Qf6 35.R1d3 h5
36.Rf3 Qe5+ 37.g3 Rf6 38.Rxf6 Qxf6 39.h4 g6 40.Qc5 Rd8 41.Rc7 Re8 42.Kg2 Qe6
43.Kh2 Qe5 44.Qxe5 Rxe5 45.Ra7 Re6 46.f3 f5 47.g4 f4 48.Kh3 Kf8 49.gxh5 gxh5
50.Rh7 Re5 51.Rh6 a5 52.Rf6+ Ke7 53.Rxf4 Kd6 54.Rf8 Kc5 55.f4 Re3+ 56.Kg2 a4
57.f5 a3 58.f6 a2 59.Ra8 Re6 60.Rxa2 Rxf6 61.Ra5+ Kd6 62.Rxh5 Ke7 63.Kg3 Kf7
64.Rg5 Rg6 65.Kg4 Rxg5+ 66.Kxg5  1/2-1/2

[Event "TCh-CZE 2002-3"]
[Site "Czech Rep CZE"]
[Date "2003.02.16"]
[Round "7"]
[White "Timoscenko,G"]
[Black "Markos,J"]
[Result "1/2-1/2"]
[WhiteElo "2525"]
[BlackElo "2450"]

1.d4 Nf6 2.c4 e6 3.Nf3 b6 4.Nc3 Bb4 5.Qb3 a5 6.g3 Bb7 7.Bg2 d6 8.O-O Bxc3
9.Qxc3 O-O 10.b3 Nbd7 11.Bb2 Be4 12.Rfd1 a4 13.Bh3 b5  1/2-1/2

[Event "ch-CZE"]
[Site "Lahucovice CZE"]
[Date "2003.02.18"]
[Round "1"]
[White "Stocek,J"]
[Black "Hracek,Z"]
[Result "1/2-1/2"]
[WhiteElo "2563"]
[BlackElo "2601"]

1.d4 Nf6 2.c4 e6 3.Nf3 b6 4.Nc3 Bb7 5.Bf4 Bb4 6.Qb3 a5 7.e3 O-O 8.Bd3 Ne4
9.O-O Bxc3 10.bxc3 d6 11.c5 dxc5 12.Rad1 Nd7 13.Bxe4 Bxe4 14.dxc5 Qc8 15.cxb6 Nxb6
16.Ne5 Rb8 17.Qb5 f6 18.Nd3 e5 19.Bg3 Qe8 20.Qxa5 Qc6 21.Nb4 Qc4 22.Qa6 Qxc3
23.a3 Ra8 24.Rc1 Qxa3 25.Qxa3 Rxa3 26.Rxc7 Ra4 27.f3 Rxb4 28.fxe4 Rxe4 29.Rd1 h5
30.Be1 Rf7 31.Rd8+ Rf8 32.Rd6 Rb8 33.h3 Ra4 34.Bf2 Ra1+ 35.Kh2 Ra2 36.Be1 Kh7
37.e4 Ra4 38.Bf2 Nc4  1/2-1/2

[Event "Open"]
[Site "Cappelle la Grande FRA"]
[Date "2003.02.23"]
[Round "2"]
[White "Efimov,I"]
[Black "Romanova,I"]
[Result "1-0"]
[WhiteElo "2480"]
[BlackElo "2251"]

1.d4 Nf6 2.Nf3 e6 3.c4 b6 4.Nc3 Bb4 5.Qb3 a5 6.Bg5 Bb7 7.O-O-O Bxc3 8.bxc3 d6
9.Nd2 Nbd7 10.f3 e5 11.e4 O-O 12.Bd3 Re8 13.Rhf1 h6 14.Be3 Nf8 15.g3 Rb8
16.Qc2 Qe7 17.Kb1 Bc6 18.Ka1 b5 19.d5 Bd7 20.cxb5 Bxb5 21.c4 Ba6 22.Nb3 c5
23.Nxa5 Qc7 24.Bd2 Ra8 25.Rb1 Bc8 26.Rb5 Ra6 27.Rfb1 Bd7 28.Rb7 Qd8 29.Qc3 Qa8
30.R1b6 Rc8 31.Rxa6 Qxa6 32.Qb3 Ne8 33.Bc2 Ra8 34.Qb6 f6 35.Kb2 Qxb6+ 36.Rxb6 Ra7
37.Nb7  1-0

[Event "Jch-RUS b20"]
[Site "Essentuki RUS"]
[Date "2003.03.05"]
[Round "4"]
[White "Kryakvin,D"]
[Black "Iljin,A"]
[Result "1/2-1/2"]
[WhiteElo "2423"]
[BlackElo "2462"]

1.d4 Nf6 2.c4 e6 3.Nf3 b6 4.Nc3 Bb4 5.Bg5 Bb7 6.e3 h6 7.Bh4 g5 8.Bg3 Ne4
9.Qc2 Bxc3+ 10.bxc3 d6 11.Bd3 Nxg3 12.hxg3 Nd7 13.a4 a5 14.e4 Qe7 15.Qe2 O-O-O
16.Nd2 Rde8 17.Rb1 f5 18.O-O f4 19.c5 dxc5 20.Ba6 fxg3  1/2-1/2

[Event "FSGM March"]
[Site "Budapest HUN"]
[Date "2003.03.06"]
[Round "6"]
[White "Horvath,P1"]
[Black "Hoang Thanh Trang"]
[Result "1-0"]
[WhiteElo "2458"]
[BlackElo "2445"]

1.d4 e6 2.c4 Nf6 3.Nf3 b6 4.Nc3 Bb4 5.Bg5 Bb7 6.e3 Bxc3+ 7.bxc3 h6 8.Bh4 d6
9.Nd2 Nbd7 10.f3 O-O 11.Bd3 c5 12.O-O Qc7 13.e4 e5 14.Re1 Nh5 15.Bf2 Nf4
16.Bf1 cxd4 17.cxd4 exd4 18.Bxd4 Ne5 19.Qb3 Rac8 20.Rac1 Rfe8 21.Bf2 Qe7
22.Be3 Ne6 23.Qa3 Nc6 24.Nb3 Rc7 25.Bf2 Nc5 26.Nd4 Nxd4 27.Bxd4 Bc8 28.Qc3 f6
29.Bf2 Be6 30.Bg3 Nd7 31.Qb4 Ne5 32.f4 Nc6 33.Qa3 Bf7 34.Red1 Qxe4 35.Qxd6 Rcc8
36.Qa3 Qe7 37.c5 bxc5 38.Qxc5 Qxc5+ 39.Rxc5 Nb4 40.Rxc8 Rxc8 41.a3 Nd5 42.Bf2 Rc3
43.Rd3 Rc7 44.g3 Kh7 45.Be2 Nc3 46.Bf3 Bg6 47.Rd4 Bc2 48.Rb4 f5 49.Rb7 Rxb7
50.Bxb7 a5 51.Bc5 Ne4 52.Bb6 a4 53.Kf1 g5 54.fxg5 hxg5 55.Ke2 Kg6 56.Ke3 Kh5
57.Bc7 Kg4 58.Bc8 Nf6 59.Be5 Nd5+ 60.Kd4 Nb6 61.Be6 Bb3 62.h3+ Kf3 63.Bxf5 Nc4
64.Be4+ Kf2 65.h4 gxh4 66.gxh4 Nxa3 67.h5 Nc2+ 68.Kc3 Ne3 69.h6 Bg8 70.h7 Bxh7
71.Bxh7 Kf3 72.Kb4 a3 73.Kb3 Kg4 74.Be4 Kg5 75.Bd3 Ng4 76.Bd4 Kf4 77.Kxa3 Ne5
78.Bh7 Nf3 79.Bc3 Ng5 80.Bc2 Ne4 81.Bd4 Nd6 82.Kb4 Nf5 83.Bh8 Ne3 84.Bb1 Nd5+
85.Kc4 Ne3+ 86.Kd3 Ng4 87.Kd4 Ne3 88.Be5+ Kf3 89.Be4+ Ke2 90.Bg6 Kf2 91.Ke4 Ng4
92.Bb8 Nf6+ 93.Kf4 Nd5+ 94.Ke5 Ne3 95.Ba7 Ke2 96.Ke4 Nd1 97.Kd4 Kd2 98.Bb6 Ne3
99.Bd3 Nc2+ 100.Ke4 Kc3 101.Ba5+ Kb3 102.Bf1 Nb4 103.Bb5 Nc2 104.Kd3 Nb4+
105.Kd4 Nc2+ 106.Kc5 Na3 107.Be2 Nc2 108.Bd1 Kb2 109.Bd2 Na3 110.Kb4 Nb1
111.Bg5 Nc3 112.Bf6 Kc1 113.Bf3 Nb1 114.Bg5+ Kb2 115.Be4 Ka2 116.Be3 Kb2
117.Bf2 Ka2 118.Be1 Ka1 119.Bf5 Ka2 120.Be6+ Ka1 121.Bf7  1-0

[Event "ch-Serbia w"]
[Site "Dimitrovgrad YUG"]
[Date "2003.03.06"]
[Round "7"]
[White "Popovic,J"]
[Black "Tuvic,N"]
[Result "1/2-1/2"]
[WhiteElo "2042"]
[BlackElo "2042"]

1.d4 Nf6 2.c4 e6 3.Nf3 b6 4.Nc3 Bb7 5.Bg5 Bb4 6.Nd2 c5 7.a3 cxd4 8.axb4 dxc3
9.bxc3 d6 10.Qc2 Nbd7 11.e4 Qc7 12.Be2 O-O 13.O-O a6 14.Kh1 d5 15.exd5 exd5
16.Qb3 Qe5 17.Be3 Rfc8 18.Rfe1 Ne4 19.Rac1 Qf5 20.Nf3 dxc4 21.Bxc4 b5 22.Be2 Ndf6
23.Kg1 Nd5 24.c4 bxc4 25.Bxc4 Rd8 26.Nd4 Qf6 27.Nf3 Nf4 28.Bxf4 Qxf4 29.Rcd1 Qf6
30.Rxd8+ Rxd8 31.Rd1 Rxd1+ 32.Qxd1 h6 33.Qd4 Qd6 34.Qxd6 Nxd6 35.Bd3 Nb5
36.Ne5 Kf8 37.Nd7+ Ke7 38.Nc5 Bc8 39.f4 Kd6 40.Bc4 Ke7 41.Kf2 Nc7 42.Ke3 Kd6
43.Ne4+ Ke7 44.Nc5 f5 45.g3 Kd6 46.Kd4 Kc6 47.Nb3 Kd6 48.Nc5 Kc6 49.Nd3 Kd6
50.Nc5  1/2-1/2

[Event "TCh-CZE 2002-3"]
[Site "Czech Rep CZE"]
[Date "2003.03.15"]
[Round "8"]
[White "Frolik,M"]
[Black "Travnicek,Petr"]
[Result "0-1"]
[WhiteElo "2261"]
[BlackElo "2112"]

1.d4 Nf6 2.Nf3 e6 3.c4 b6 4.Nc3 Bb4 5.e3 Bxc3+ 6.bxc3 Bb7 7.Bd3 d6 8.O-O Nbd7
9.Qc2 h6 10.e4 e5 11.g3 g5 12.Ne1 Qe7 13.Ng2 O-O-O 14.d5 Nc5 15.Ne3 Qd7 16.Ba3 Nxd3
17.Qxd3 h5 18.f3 Rdg8 19.Bc1 g4 20.Nf5 gxf3 21.Qxf3 h4 22.Nxh4 Rxh4 23.Qxf6 Rxe4
24.Qxf7 Qxf7 25.Rxf7 Rxc4 26.Bb2 Bxd5 27.Rh7 Re4 28.Rd1 Bc4 29.a3 Rf8 30.Bc1 Re2
31.Rh4 b5 32.Bg5 Rc2 33.Be3 Kb7 34.a4 a6 35.axb5 axb5 36.Rb1 Rxc3 37.Bd2 Rc2
38.Bh6 Ra8 39.Be3 Raa2 40.Bg5 Rg2+ 41.Kh1 Rgc2 42.Kg1 Kc6 43.Rh7 Rg2+ 44.Kh1 Bd5
45.Rc1+ Rgc2+  0-1

[Event "Riviera GM"]
[Site "Opatija CRO"]
[Date "2003.03.19"]
[Round "6"]
[White "Timoscenko,G"]
[Black "Jovanic,O"]
[Result "1/2-1/2"]
[WhiteElo "2525"]
[BlackElo "2432"]

1.d4 Nf6 2.c4 e6 3.Nf3 b6 4.Nc3 Bb4 5.Qb3 c5 6.Bg5 Bb7 7.e3 O-O 8.Bd3 cxd4
9.Nxd4 Na6 10.O-O Nc5 11.Qxb4 Nxd3 12.Qa3 h6 13.Bh4 Ne5 14.b3 Ng6 15.Bg3 d5
16.Rfd1 Qd7 17.Nde2 Rfd8 18.cxd5 Nxd5 19.Nxd5 exd5 20.Rac1 Qg4 21.Nd4 Rd7
22.h3 Qe4 23.Rc3 Nf8 24.Qa4 a6 25.Kh2 b5 26.Qa5 Ne6 27.Qb6 Nxd4 28.exd4 Qg6
29.Qxg6 fxg6 30.Re1 g5 31.Re6 Rf8 32.b4 Rf6 33.Re8+ Rf8 34.Re6 Rf6 35.Re8+ Rf8
36.Rxf8+ Kxf8 37.Be5 Rf7 38.f3 Kg8 39.g4 Rf8 40.Kg3 Rc8 41.Bc7 Kf7 42.h4 gxh4+
43.Kxh4 g5+ 44.Kh5 Kg7 45.Rc5 Kh7 46.a3 Ba8 47.f4 gxf4 48.Bxf4 Rxc5 49.bxc5 Bc6
50.Bxh6 Be8+ 51.Kg5 a5 52.c6 Bxc6 53.Bf8 b4 54.axb4 axb4 55.Bxb4 Bb5  1/2-1/2

[Event "TCh-BEL 2002-3"]
[Site "Belgium BEL"]
[Date "2003.03.23"]
[Round "11"]
[White "Kadimova,I"]
[Black "Docx,S"]
[Result "0-1"]
[WhiteElo "2364"]
[BlackElo "2279"]

1.d4 Nf6 2.c4 e6 3.Nf3 b6 4.Nc3 Bb4 5.Bg5 h6 6.Bh4 g5 7.Bg3 Ne4 8.Qc2 Bb7
9.Nd2 Bxc3 10.bxc3 Nxg3 11.hxg3 d6 12.e4 Nd7 13.Bd3 Qe7 14.a4 a5 15.Nf1 h5
16.Ne3 O-O-O 17.Rb1 Rdg8 18.Qe2 h4 19.g4 Nf8 20.Kd2 Rh6 21.d5 Nd7 22.Nc2 Nc5
23.Nd4 Qf6 24.Rh3 Re8 25.Rf3 Qg7 26.Re3 Qe5 27.Bc2 Reh8 28.Rh1 Qf4 29.Rh3 Ba6
30.Nb3 exd5 31.g3 hxg3 32.Rxh6 Rxh6 33.fxg3 Qf6 34.Nxc5 dxc5 35.exd5 Qd6
36.Bd3 Kb7 37.Kc2 Rh1 38.Qf3 Ra1 39.Kb3 Qd7 40.d6+  0-1

[Event "IV IM"]
[Site "Monaco MNC"]
[Date "2003.04.08"]
[Round "2"]
[White "Efimov,I"]
[Black "Leroy,A"]
[Result "1-0"]
[WhiteElo "2477"]
[BlackElo "2265"]

1.d4 Nf6 2.c4 e6 3.Nf3 b6 4.Nc3 Bb4 5.Bg5 h6 6.Bh4 Bb7 7.e3 g5 8.Bg3 Ne4
9.Qc2 Bxc3+ 10.bxc3 d6 11.Bd3 f5 12.d5 exd5 13.cxd5 Bxd5 14.Nd4 Qf6 15.f3 Nxg3
16.hxg3 f4 17.gxf4 gxf4 18.Be4 c6 19.Bxd5 cxd5 20.exf4 Nd7 21.Kf2 O-O 22.Rh5 Rac8
23.Nf5 Rxc3 24.Qd2 Rfc8 25.Qxd5+ Kf8 26.Rxh6 Rc2+ 27.Kg3 Qxa1 28.Qxd6+ Kg8
29.Qe6+ Kf8 30.Qe7+ Kg8 31.Rg6+  1-0

[Event "XXXIV Open"]
[Site "Mar del Plata ARG"]
[Date "2003.04.14"]
[Round "4"]
[White "Lafuente,P"]
[Black "Giampa,A"]
[Result "1-0"]
[WhiteElo "2431"]
[BlackElo "2271"]

1.d4 Nf6 2.c4 e6 3.Nf3 b6 4.Nc3 Bb4 5.Bg5 Bb7 6.e3 h6 7.Bh4 g5 8.Bg3 Ne4
9.Qc2 Bxc3+ 10.bxc3 d6 11.Bd3 Nxg3 12.fxg3 g4 13.Nh4 Qg5 14.O-O Nd7 15.Rf4 Rf8
16.Raf1 O-O-O 17.Qe2 h5 18.Rxf7 Rxf7 19.Rxf7 Rf8 20.Rxf8+ Nxf8 21.Qf2 Qg7
22.Qf4 Kd8 23.Ng6 Nh7 24.h4 Ba6 25.Qe4 Nf6 26.Qa8+ Bc8 27.Nf4 Qd7 28.d5  1-0

[Event "Commonwealth Ch"]
[Site "Mumbai IND"]
[Date "2003.04.21"]
[Round "2"]
[White "Vladimirov,E"]
[Black "Venkatesh,M"]
[Result "1/2-1/2"]
[WhiteElo "2597"]
[BlackElo "2391"]

1.d4 Nf6 2.Nf3 e6 3.c4 b6 4.Nc3 Bb7 5.Bg5 Be7 6.Qc2 O-O 7.e4 c5 8.Rd1 Na6
9.e5 Ng4 10.h3 Nxe5 11.dxe5 Bxg5 12.Bd3 Nb4 13.Bxh7+ Kh8 14.Qb1 g6 15.Bxg6 fxg6
16.Qxg6 Rf5 17.h4 Bf4 18.Ng5 Qe7 19.Qh6+ Kg8 20.Qg6+ Kh8  1/2-1/2

[Event "Commonwealth Ch"]
[Site "Mumbai IND"]
[Date "2003.04.26"]
[Round "9"]
[White "Sherbakov,R"]
[Black "Kunte,A"]
[Result "1/2-1/2"]
[WhiteElo "2557"]
[BlackElo "2499"]

1.d4 Nf6 2.c4 e6 3.Nf3 b6 4.Nc3 Bb7 5.a3 g6 6.d5 Bg7 7.e4 O-O 8.Be2 d6 9.O-O Nbd7
10.Qc2 Qe7 11.Re1 c6 12.Bg5 Rac8 13.Rad1 h6 14.Bxf6 Qxf6 15.e5 dxe5 16.Ne4 Qe7
17.dxe6 Qxe6 18.c5 Qe7 19.Bc4 Kh7 20.b4 Rc7 21.h4 bxc5 22.h5 Kh8 23.hxg6 fxg6
24.Rd6 Nb6 25.Re6 Qd8 26.Ba2 Bc8 27.Nxc5 Nd5 28.Nxe5 Nf4 29.Nxg6+ Nxg6 30.Qxg6 Bxe6
31.Nxe6 Qd2 32.Rf1 Qxa2 33.Nxc7 Qf7 34.Qxc6 Rc8 35.Rc1 Be5 36.Qxh6+ Qh7 37.Qe3 Bxc7
38.Qc3+ Kg8 39.Qc4+ Kh8 40.Qc3+ Kg8 41.Qc4+ Kh8 42.Qd4+ Kg8 43.g3 Rd8 44.Qxa7 Rd7
45.Qe3 Qg6 46.Qb3+ Kf8 47.Qf3+ Rf7 48.Qe3 Bb6 49.Rc8+ Kg7 50.Qe5+ Rf6 51.Qe7+ Rf7
52.Qe5+ Rf6 53.Kg2 Bxf2 54.Rc6 Ba7 55.Rc7+ Kh6 56.Rxa7 Qc2+ 57.Kh3 Qf2 58.Re7 Qf1+
59.Kh4 Qh1+ 60.Kg4 Qf3+ 61.Kh4 Qh1+ 62.Kg4 Qf3+ 63.Kh4 Qh1+ 64.Kg4  1/2-1/2

[Event "Rhone Open"]
[Site "Lyon FRA"]
[Date "2003.05.01"]
[Round "6"]
[White "Lacour,S"]
[Black "Guedon,S"]
[Result "1/2-1/2"]
[WhiteElo "2126"]
[BlackElo "2233"]

1.d4 Nf6 2.Nf3 e6 3.c4 b6 4.Nc3 Bb4 5.Qb3 c5 6.a3 Ba5 7.Bg5 h6 8.Bh4 Ba6
9.O-O-O Bxc3 10.Qxc3 cxd4 11.Rxd4 Qc7 12.e3 Rg8 13.Bg3  1/2-1/2

[Event "Capablanca Mem Premier II"]
[Site "Havana CUB"]
[Date "2003.05.09"]
[Round "4"]
[White "Hernandez,Rom"]
[Black "Quezada,Y"]
[Result "1/2-1/2"]
[WhiteElo "2403"]
[BlackElo "2438"]

1.d4 Nf6 2.Nf3 e6 3.c4 b6 4.Nc3 Bb4 5.e3 Bb7 6.Bd3 Bxc3+ 7.bxc3 d6 8.O-O Nbd7
9.a4 a5 10.Nd2 e5 11.e4 c5 12.Re1 O-O 13.d5 g6 14.Nf1 Nh5 15.Bh6 Ng7 16.Ng3 Bc8
17.Qd2 f6 18.Re3 Rf7 19.Rf1 Qe7 20.h3 Rb8 21.Bc2 Nf8 22.Kh2 Ba6 23.Bd3 Re8
24.Ree1 Bc8 25.Bc2 Nd7 26.Bd3 Nf8 27.Bc2 Nd7  1/2-1/2

[Event "Capablanca Mem Premier II"]
[Site "Havana CUB"]
[Date "2003.05.12"]
[Round "7"]
[White "Hernandez,Rom"]
[Black "Handke,F"]
[Result "1-0"]
[WhiteElo "2403"]
[BlackElo "2506"]

1.d4 Nf6 2.Nf3 b6 3.c4 e6 4.Nc3 Bb4 5.e3 Ne4 6.Qc2 Bb7 7.Bd3 f5 8.O-O Bxc3
9.bxc3 O-O 10.Ne1 c5 11.f3 Nd6 12.Qe2 Na6 13.Nc2 Be4 14.Bd2 Qe7 15.Be1 Rac8
16.Na3 Bxd3 17.Qxd3 Nf7 18.Bg3 d6 19.Rfe1 Qd7 20.Nb5 Nb8 21.dxc5 Rxc5 22.Rad1 e5
23.e4 f4 24.Bf2 Rc6 25.Qd5 Rfc8 26.Re2 Rxc4 27.Red2 R4c6 28.Qb3 Kf8 29.Qa3 a6
30.Nxd6 Qe7 31.Qb4 Nxd6 32.Rxd6 Rxd6 33.Rxd6 Rxc3 34.Rd8+ Kf7 35.Qxe7+ Kxe7
36.Bh4+ g5 37.Bxg5+ Kf7 38.Rxb8 Rc1+ 39.Kf2 Rc2+ 40.Kf1 Rc1+ 41.Ke2 Rc2+
42.Ke1 Rxg2 43.h4 Rxa2 44.Rb7+ Kg8 45.Bh6 Rg2 46.Rxb6 Kf7 47.Rxa6 Rh2 48.Bg5 Rh3
49.Kf2  1-0

[Event "Kings Cup"]
[Site "Bucharest ROM"]
[Date "2003.05.21"]
[Round "4"]
[White "Svetushkin,D"]
[Black "Mateuta,G"]
[Result "1-0"]
[WhiteElo "2543"]
[BlackElo "2413"]

1.d4 Nf6 2.c4 e6 3.Nf3 b6 4.Nc3 Bb4 5.Bg5 Bb7 6.Nd2 h6 7.Bh4 c5 8.a3 Bxc3
9.bxc3 d6 10.f3 Nc6 11.Bf2 e5 12.d5 Na5 13.e4 Qe7 14.Bd3 O-O-O 15.O-O Nh5
16.g3 Nf6 17.Be3 g5 18.Nb3 Nxb3 19.Qxb3 Kc7 20.Rfb1 Nd7 21.Bf1 Ra8 22.Bh3 Bc8
23.a4 Ba6 24.a5 Rhb8 25.Qa4 Kd8 26.axb6 axb6 27.Bf5 Bb7 28.Qb5 Rxa1 29.Rxa1 Kc7
30.Ra7 Kd8 31.Qc6 Bxc6 32.dxc6 Rc8 33.Rxd7+ Qxd7 34.cxd7 Ra8 35.h4 f6 36.f4 exf4
37.gxf4 gxh4 38.Bf2  1-0

[Event "12th Chicago Open"]
[Site "Oak Brook USA"]
[Date "2003.05.26"]
[Round "6"]
[White "Tsiganov,I1"]
[Black "Lein,A"]
[Result "1-0"]
[WhiteElo "2250"]
[BlackElo "2416"]

1.d4 Nf6 2.Nf3 e6 3.c4 b6 4.Nc3 Bb7 5.Bg5 Be7 6.e3 c5 7.Be2 O-O 8.O-O d6
9.Qc2 Nbd7 10.Rfd1 a6 11.h3 Rc8 12.dxc5 Rxc5 13.Bf4 Qb8 14.Nd2 Qa8 15.f3 d5
16.b4 Rcc8 17.Qb3 dxc4 18.Nxc4 Nd5 19.Nxd5 Bxd5 20.e4 Bxc4 21.Bxc4 Nf6 22.e5 Nd5
23.Bxd5 exd5 24.Rxd5 Bxb4 25.Rd7 Bc5+ 26.Kh1 Qc6 27.Rad1 Rfe8 28.Qd3 a5 29.Bh2 Re7
30.Rd5 Qg6 31.Qc4 Qe6 32.f4 g6 33.Qc2 Ree8 34.g4 Qc6 35.Qg2 f6 36.Bg3 fxe5
37.fxe5 Qe6 38.Bh4 Rc7 39.Bf6 Rf8 40.h4 h6 41.g5 hxg5 42.R5d3 Be7 43.Bxe7 Rxe7
44.Rg3 Qxe5 45.Rxg5  1-0

[Event "Master Open"]
[Site "Ploiesti ROM"]
[Date "2003.06.01"]
[Round "3"]
[White "Popa,M"]
[Black "Voiteanu,G"]
[Result "1/2-1/2"]
[WhiteElo "2034"]
[BlackElo "2270"]

1.d4 Nf6 2.c4 e6 3.Nf3 b6 4.Nc3 Bb7 5.a3 d5 6.e3 Be7 7.cxd5 exd5 8.Bb5+ Nbd7
9.O-O O-O 10.b4 Ne4 11.Qb3 Ndf6 12.Bb2 Bd6 13.Qc2 a6 14.Bd3 Re8 15.Ne2 Qe7
16.Ne5 Bxe5 17.dxe5 Ng4 18.Ng3 Qh4 19.h3 Nxe5 20.Bxe4 dxe4 21.Bxe5 Rxe5 22.Qxc7 Qe7
23.Qxb6 h5 24.Rfc1 Bd5 25.Rc7 Qg5 26.Ne2 Rf5 27.Rac1 Kh7 28.Rc8 Rxf2 29.Kxf2 Qf5+
30.Nf4 Rxc8 31.Rxc8 Qxc8 32.Qc5 Bc6 33.Qxh5+ Kg8 34.Qc5 Qd7 35.Qd4 Qxd4 36.exd4 g5
37.d5 e3+ 38.Ke2 Bb7 39.Nh5 Kf8 40.Nf6 Ke7 41.Ne4 Bxd5 42.Nxg5 Bxg2 43.h4 f6
44.Nf3 Ke6 45.Kxe3 Kf5 46.Kf2 Bh3 47.Kg3 Bf1 48.Nd4+ Ke5 49.Nb3 f5 50.Nc5 f4+
51.Kf3 Bb5 52.h5 a5 53.h6 Bc6+ 54.Kf2 Kf6 55.Nd3 axb4 56.axb4 f3 57.Ne5 Be4
58.Nxf3 Kg6 59.Ke3 Ba8 60.Ne5+ Kxh6 61.b5 Kg7 62.Kd4 Kf6 63.Nc4 Ke7 64.Kc5 Kd8
65.Kd6 Bg2  1/2-1/2

[Event "FSIM June"]
[Site "Budapest HUN"]
[Date "2003.06.08"]
[Round "2"]
[White "Szeberenyi,A"]
[Black "Broomfield,M"]
[Result "1/2-1/2"]
[WhiteElo "2401"]
[BlackElo "2255"]

1.d4 Nf6 2.Nf3 b6 3.c4 e6 4.Nc3 Bb4 5.Qb3 c5 6.a3 Ba5 7.Bg5 Bb7 8.Rd1 O-O
9.e3 Bxc3+ 10.bxc3 Qe7 11.Bd3 h6 12.Bh4 d6 13.O-O Bxf3 14.gxf3 Nc6 15.Kh1  1/2-1/2

[Event "Golden Cleopatra"]
[Site "Cairo EGY"]
[Date "2003.06.10"]
[Round "9"]
[White "Malakhatko,V"]
[Black "Kosten,A"]
[Result "1/2-1/2"]
[WhiteElo "2503"]
[BlackElo "2545"]

1.d4 Nf6 2.Nf3 e6 3.c4 b6 4.Nc3 Bb4 5.Bg5 Bb7 6.Nd2 h6 7.Bh4 c5 8.a3 Bxc3
9.bxc3 d6 10.f3 Nc6 11.Nb3 Ne7 12.a4 Ng6 13.Bf2 e5 14.e4 Qe7 15.d5 a5 16.Rb1 Bc8
17.Na1 Rb8 18.Nc2 Qc7 19.Ne3 Ne7 20.Bd3 Nh5 21.g3 Bh3 22.Rg1 g6 23.Kd2 Bd7
24.Kc1 Kd8 25.Kb2 Kc8 26.Ka3 Kb7 27.Rb2 Ka7 28.Be1 Rbf8 29.Rf2 f6 30.Bd2 f5
31.exf5 Nxf5 32.f4 Nxe3 33.Bxe3 exf4 34.gxf4 Ng7 35.Bxg6 Bf5 36.Rfg2 Qe7
37.Qf3 Rf6 38.Bf2 Rxg6 39.Rxg6 Bxg6 40.Rxg6 Nf5 41.Re6 Qg7 42.Kb3 Rg8 43.Bg3 Qh7
44.Qe4 h5 45.Kb2 h4 46.Bxh4 Qxh4 47.Qxf5 Qxh2+ 48.Kb3 Qd2 49.Rxd6 Ka6 50.Rf6 Qd1+
51.Qc2 Qf1 52.Rg6 Rf8 53.Rg3 Rxf4 54.Qd3 Qc1 55.Rg2 Rf1 56.Rb2 Rd1 57.Qf5 Re1
58.Qc2 Qf4 59.Qd2 Qf1 60.Qf2 Qh1 61.Qg2 Qh5 62.Qd2 Rd1 63.Qe2 Qh1 64.Qe8 Ka7
65.Qd7+ Ka6 66.Qc8+ Ka7 67.Qc7+ Ka6 68.Qb8 Qh7 69.Ka2 Qb7 70.Qe8 Rg1 71.Re2 Rg7
72.Re6 Ka7 73.Qb5 Re7 74.Rc6 Rc7 75.Rd6 Qb8 76.Re6 Rb7 77.Re2 Qh8 78.Kb2 Qh5
79.Qe8 Qg4 80.Qe4 Qd7 81.Ka3 Qg7 82.Kb3 Rd7 83.Rg2 Qf7 84.Rd2 Re7 85.Qd3 Rd7
86.Ka2 Qe8 87.Ka3 Qe1 88.Rd1 Qe5 89.Rb1 Rg7 90.Rb3 Qe1 91.Qb1 Qe5 92.Qf1 Re7
93.Qd3 Rg7 94.Qf3 Qe1 95.Ka2 Rg1 96.Rb2 Qe8 97.Rb5 Qg6 98.Rb2 Qe8 99.Rb5 Qg6
100.Rb2  1/2-1/2

[Event "IV Open"]
[Site "Lido Estensi ITA"]
[Date "2003.06.12"]
[Round "6"]
[White "Chabanon,JL"]
[Black "Cioara,A"]
[Result "1/2-1/2"]
[WhiteElo "2492"]
[BlackElo "2386"]

1.d4 Nf6 2.c4 e6 3.Nf3 b6 4.Nc3 Bb4 5.Bg5 Bb7 6.e3 h6 7.Bh4 g5 8.Bg3 Ne4
9.Qc2 Bxc3+ 10.bxc3 Nxg3 11.fxg3 g4 12.Nh4 Qg5 13.Qf2 f5 14.Bd3 Nc6 15.O-O O-O
16.Rae1 Ne7 17.Qe2 Ng6 18.Nxg6 Qxg6 19.Rf4 h5 20.e4 fxe4 21.Rxe4 Bxe4 22.Bxe4 Qg5
23.Bxa8 Rxa8 24.Qe5 Qd2 25.Kh1 Rf8 26.Rg1 Rf5 27.Qxc7 Qe2 28.Qd8+ Kg7 29.Qxd7+ Rf7
30.Qc6 Rf1 31.h4 gxh3 32.Rxf1 Qxf1+ 33.Kh2 hxg2 34.Qxg2  1/2-1/2

[Event "FSIM June"]
[Site "Budapest HUN"]
[Date "2003.06.15"]
[Round "9"]
[White "Szeberenyi,A"]
[Black "Berczes,D"]
[Result "1-0"]
[WhiteElo "2401"]
[BlackElo "2324"]

1.d4 Nf6 2.Nf3 e6 3.c4 b6 4.Nc3 Bb4 5.Qb3 c5 6.a3 Ba5 7.Bg5 Bb7 8.O-O-O Bxc3
9.Qxc3 Ne4 10.Bxd8 Nxc3 11.bxc3 Kxd8 12.d5 Ke7 13.e4 d6 14.e5 dxe5 15.Nxe5 Rd8
16.Bd3 exd5 17.cxd5 f6 18.Nc4 Rxd5 19.Rhe1+ Kf8 20.Bxh7 Rxd1+ 21.Rxd1 Bxg2
22.Ne3 Bc6 23.Rd8+ Ke7 24.Rg8 g5 25.Nf5+ Ke6 26.Rg7 Ke5 27.Re7+ Kf4 28.Re6 Bd5
29.Ng7 f5 30.Rf6 Be4 31.Bxf5 Bxf5 32.Rxf5+ Ke4 33.Rf8 Ke5 34.Nh5 Ke6 35.f4 Ke7
36.Rh8 g4 37.f5 Kf7 38.Nf4 a5 39.Nd5 b5 40.Nb6  1-0

[Event "Master Open"]
[Site "Voronezh RUS"]
[Date "2003.06.16"]
[Round "4"]
[White "Khmelnitski,A"]
[Black "Tarasov,I"]
[Result "1-0"]
[WhiteElo "2483"]
[BlackElo "2276"]

1.d4 Nf6 2.Nf3 e6 3.c4 b6 4.Nc3 Bb4 5.Bg5 h6 6.Bh4 Bxc3+ 7.bxc3 d6 8.Nd2 Bb7
9.f3 e5 10.e4 Qe7 11.Bd3 Nc6 12.d5 Nb8 13.Bc2 Bc8 14.Nf1 a5 15.Ne3 Bd7 16.c5 bxc5
17.Rb1 O-O 18.O-O g5 19.Bf2 Nh5 20.Ba4 Ng7 21.g4 f6 22.Nc4 Kf7 23.Be3 h5
24.h3 Rh8 25.Kg2 Bc8 26.Rf2 Nd7 27.Bc6 Ra7 28.Bxd7 Bxd7 29.Rfb2 Ne8 30.Qb3 Ra8
31.Qb7 Rc8 32.Bf2 Kf8 33.Rh1 hxg4 34.hxg4 Rxh1 35.Kxh1 Qh7+ 36.Kg2 Bxg4 37.fxg4 Qxe4+
38.Kh2 Rd8 39.Qb5 Qxg4 40.Ne3 Qf4+ 41.Kg1 f5 42.Qf1 g4 43.Ng2 Qh6 44.Bh4 Rd7
45.Qxf5+ Rf7 46.Qg5 Qxg5 47.Bxg5 Rf3 48.Rf2 Kg7 49.Rxf3 gxf3 50.Ne3 Nf6 51.Bxf6+ Kxf6
52.Kf2 e4 53.a4 Ke5 54.Kg3 c4 55.Kg4 f2 56.Kg3 f1=Q 57.Nxf1 Kxd5 58.Kf4 Kc5
59.Kxe4 d5+ 60.Ke3  1-0

[Event "It"]
[Site "Leposavic YUG"]
[Date "2003.06.19"]
[Round "8"]
[White "Milanovic,Da"]
[Black "Abramovic,B"]
[Result "0-1"]
[WhiteElo "2429"]
[BlackElo "2488"]

1.d4 Nf6 2.c4 e6 3.Nf3 b6 4.Nc3 Bb7 5.e3 Bb4 6.Bd3 O-O 7.O-O d5 8.a3 Bd6
9.cxd5 exd5 10.Ne5 c5 11.f4 Nc6 12.Qf3 cxd4 13.Nxc6 Bxc6 14.exd4 Re8 15.f5 Ne4
16.Ne2 Qd7 17.Qh3 Bb5 18.Bf4 Bf8 19.Rad1 Rac8 20.Bc1 Bd6 21.Nf4 Bxd3 22.Nxd3 f6
23.Bf4 Rc4 24.Be3 Rc2 25.Qg4 Nc3 26.Rf3 Re4 27.Qh3 Ne2+ 28.Kh1 Nxd4 29.Bxd4 Rxd4
30.Re1 Re4 31.Rfe3 Rxe3 32.Rxe3 Be5 33.Qh5 Qc6 34.Re1 a5 35.Nxe5 fxe5 36.h3 e4
37.f6 gxf6 38.Qg4+ Kh8 39.Qf4 Qe6 40.Qh6 Rc8 41.Rf1 e3 42.Rxf6 Rc1+ 43.Kh2 Qe5+
44.Rf4 Rc8 45.Kg1 Qe7 46.Qxb6 Qe5 47.Rf1 e2 48.Re1 d4 49.Qa6 Qe3+ 50.Kh1 Re8
51.Qf6+ Kg8 52.Qf5 d3 53.Qg4+ Kh8  0-1